| 000 | 00441nam a2200169Ia 4500 | ||
|---|---|---|---|
| 001 | 27432 | ||
| 003 | IN-NITTTR | ||
| 005 | 20251114233342.0 | ||
| 008 | 251113s9999||||xx |||||||||||||| ||eng|| | ||
| 040 | _beng | ||
| 040 | _cIN-NITTTR | ||
| 041 | _aeng | ||
| 082 | _a658.4013 T71S | ||
| 100 | _aTreichler, David H. | ||
| 245 | 4 |
_aThe six sigma path to leadership : _b observations from the trenches / _cTreichler, David H. |
|
| 942 |
_2ddc _cBK |
||
| 999 |
_c30060 _d30060 |
||